Persona 3 Reload All Personas - Statistics

General Stats
  • This quiz has been taken 28 times
  • The average score is 40 of 214
Answer Stats
Arcana Persona % Correct
Fool Orpheus
81%
Fool Black Frost
76%
Magician Jack Frost
76%
Emperor King Frost
71%
Judgement Satan
71%
Magician Hermes
62%
Lovers Io
62%
Fool | Justice Loki
62%
Judgement Messiah
62%
Lovers Isis
52%
Magician Jack-o'-Lantern
52%
Emperor Odin
52%
Chariot Thor
52%
Fool Arsène
48%
Strength Cerberus
48%
Fool Izanagi
48%
Lovers Pixie
48%
Death Thanatos
48%
Emperor Caesar
43%
Hierophant Castor
43%
Chariot Pallas Athena
43%
Judgement Anubis
38%
Chariot Captain Kidd
38%
Priestess High Pixie
38%
Devil Incubus
38%
Judgement Lucifer
38%
Justice Nemesis
38%
Fool Satanael
38%
Devil Succubus
38%
Justice Angel
33%
Priestess Johanna
33%
Tower Mara
33%
Emperor Polydeuces
33%
Fool Slime
33%
Death Alice
29%
Justice Archangel
29%
Devil Beelzebub
29%
Lovers Carmen
29%
Emperor Goemon
29%
Empress Milady
29%
Death Mot
29%
Justice Robin Hood
29%
Tower Shiva
29%
Magician Zorro
29%
Priestess Apsaras
24%
Chariot Ara Mitama
24%
Star Cendrillon
24%
Fortune Fortuna
24%
Empress Gabriel
24%
Star Helel
24%
Priestess Juno
24%
Justice Kala-Nemi
24%
Hanged Man Medea
24%
Judgement Michael
24%
Magician Nekomata
24%
Emperor Oberon
24%
Fool Orpheus Telos
24%
Chariot Palladion
24%
Strength Siegfried
24%
Magician Surt
24%
Fool Susano-o
24%
Lovers Titania
24%
Magician Trismegistus
24%
Sun Vishnu
24%
Hermit Arahabaki
19%
Empress Artemisia
19%
Temperance Byakko
19%
Lovers Cybele
19%
Justice Dominion
19%
Sun Horus
19%
Fortune Hypnos
19%
Fortune Lakshmi
19%
Priestess Lucia
19%
Strength Matador
19%
Devil Mokoi
19%
Fortune Norn
19%
Fool Ose
19%
Empress Penthesilea
19%
Justice Principality
19%
Lovers Raphael
19%
Lovers Saki Mitama
19%
Priestess Scathach
19%
Moon Seth
19%
Lovers Silky
19%
Priestess Unicorn
19%
Aeon Uriel
19%
Strength Valkyrie
19%
Temperance Yurlungur
19%
Devil Abaddon
14%
Empress Alilat
14%
Priestess Anat
14%
Empress Astarte
14%
Sun Asura
14%
Hanged Man Attis
14%
Moon Baal Zebul
14%
Emperor Barong
14%
Emperor Belphegor
14%
Hierophant Berith
14%
Tower Chi You
14%
Fortune Clotho
14%
Tower Cu Chulainn
14%
Fool Decarabia
14%
Moon Kaguya
14%
Fortune Kushi Mitama
14%
Hermit Lamia
14%
Empress Leanan Sidhe
14%
Devil Lilim
14%
Devil Lilith
14%
Hanged Man Mada
14%
Tower Magatsu-Izanagi
14%
Justice Melchizedek
14%
Magician Mercurius
14%
Aeon Metatron
14%
Chariot Mithras
14%
Temperance Nigi Mitama
14%
Magician Orobas
14%
Death Pale Rider
14%
Priestess Parvati
14%
Justice Power
14%
Hierophant Psyche
14%
Strength Rakshasa
14%
Lovers Tam Lin
14%
Hierophant Thoth
14%
Star Vanadis
14%
Strength White Rider
14%
Fortune Atropos
10%
Tower Bishamonten
10%
Moon Dionysus
10%
Tower Eligor
10%
Emperor Forneus
10%
Magician Futsunushi
10%
Star Ganesha
10%
Star Garuda
10%
Moon Gurulu
10%
Lovers Hecate
10%
Magician Hua Po
10%
Hanged Man Inugami
10%
Strength Kali
10%
Emperor Kamu Susano-o
10%
Fortune Lachesis
10%
Death Loa
10%
Hermit Moros
10%
Hermit Naga
10%
Lovers Narcissus
10%
Hermit Nebiros
10%
Aeon Nidhoggr
10%
Hierophant Omoikane
10%
Hermit Onmoraki
10%
Death Pisaca
10%
Moon Sandalphon
10%
Priestess Sarasvati
10%
Magician Sati
10%
Chariot Seiten Taisei
10%
Hierophant Shiisaa
10%
Temperance Suzaku
10%
Justice Throne
10%
Judgement Trumpeter
10%
Justice Virtue
10%
Empress Yaksini
10%
Moon Yamata-no-Orochi
10%
Aeon Ananta
5%
Strength Atavaka
5%
Devil Baphomet
5%
Moon Chernobog
5%
Chariot Chimera
5%
Hierophant Daisoujou
5%
Hierophant Flauros
5%
Temperance Genbu
5%
Hanged Man Hell Biker
5%
Sun Jatayu
5%
Strength Jikokuten
5%
Hierophant Kohryu
5%
Hermit Kumbhanda
5%
Fool Legion
5%
Tower Masakado
5%
Temperance Mitra
5%
Empress Mother Harlot
5%
Hermit Mothman
5%
Emperor Naga Raja
5%
Star Neko Shogun
5%
Chariot Oni
5%
Hanged Man Orthrus
5%
Tower Qitian Dasheng
5%
Lovers Queen Medb
5%
Sun Quetzalcoatl
5%
Magician Rangda
5%
Fortune Sandman
5%
Temperance Seiryu
5%
Chariot Shiki-Ouji
5%
Empress Skadi
5%
Hanged Man Take-Minakata
5%
Sun Thunderbird
5%
Sun Yatagarasu
5%
Chariot Zouchouten
5%
Hermit Dakini
0%
Priestess Ganga
0%
Moon Girimekhala
0%
Strength Hanuman
0%
Empress Hariti
0%
Hanged Man Hecatoncheires
0%
Star Houou
0%
Star Kaiwan
0%
Priestess Kikuri-Hime
0%
Chariot Koumokuten
0%
Hermit Kurama Tengu
0%
Hierophant Mishaguji
0%
Temperance Okuninushi
0%
Devil Pazuzu
0%
Death Samael
0%
Star Saturnus
0%
Star Setanta
0%
Emperor Take-Mikazuchi
0%
Hanged Man Vasuki
0%
No matching quizzes found
Score Distribution
Percent of People with Each Score
Percentile by Number Answered
Your Score History
You have not taken this quiz